[Event "Titled Tue 10th Jun Late"]
[Site "chess.com INT"]
[Date "2025.06.10"]
[Round "11"]
[White "Bulgak, Damir"]
[Black "Goryachkina, Aleksandra"]
[Result "1-0"]
[BlackTitle "GM"]
[WhiteElo "2213"]
[BlackElo "2533"]
[WhiteFideId "13528882"]
[BlackFideId "4147103"]
[EventDate "2025.06.10"]

1. d4 d5 2. c4 e6 3. Nc3 a6 4. e4 dxe4 5. Nxe4 Nf6 6. Nxf6+ Qxf6 7. Nf3 Bb4+ 8.
Bd2 Bxd2+ 9. Qxd2 O-O 10. Bd3 Bd7 11. O-O Rd8 12. Rad1 Nc6 13. Qe3 g6 14. Ne5
Nxe5 15. dxe5 Qe7 16. Be4 Qb4 17. b3 Be8 18. h4 h5 19. Rd4 Rxd4 20. Qxd4 Qe7 21.
Bxb7 c5 22. Qe4 Ra7 23. Bc6 Bxc6 24. Qxc6 Qxh4 25. Qxc5 Rd7 26. Qe3 Qg4 27. c5
h4 28. c6 Rc7 29. Rc1 Kh7 30. Kh2 g5 31. Rc4 Qf5 32. Qd4 Kg7 33. f3 Qb1 34. Qd6
Rc8 35. Qe7 Qf5 36. Rg4 Qxe5+ 37. Kh3 Kg6 38. f4 Qc3+ 39. Kh2 f6 40. Qxe6 1-0

[Event "Titled Tue 10th Jun Late"]
[Site "chess.com INT"]
[Date "2025.06.10"]
[Round "11"]
[White "Donoso Aguirre, Maximiliano"]
[Black "Sapocinic, Semion"]
[Result "0-1"]
[WhiteTitle "CM"]
[BlackTitle "FM"]
[WhiteElo "2050"]
[BlackElo "2296"]
[WhiteFideId "3458920"]
[BlackFideId "13908693"]
[EventDate "2025.06.10"]

1. e4 c5 2. c3 Nf6 3. e5 Nd5 4. Nf3 Nc6 5. Bc4 Nb6 6. Bb3 c4 7. Bc2 d5 8. exd6
Qxd6 9. O-O g6 10. d4 cxd3 11. Qxd3 Qxd3 12. Bxd3 Bg7 13. Be4 O-O 14. Na3 f5 15.
Bxc6 bxc6 16. Be3 e5 17. Bc5 Re8 18. Rad1 Be6 19. b3 Rad8 20. Rfe1 Bd5 21. Nd2
e4 22. c4 Be6 23. Ndb1 Bb2 24. Bb4 Kf7 25. Bc3 Bxc3 26. Nxc3 a5 27. c5 Nd5 28.
Na4 Nb4 29. Nc3 Rd3 30. Rxd3 Nxd3 31. Rd1 Nxc5 32. Rd6 Bd7 33. Nc4 Ke7 34. Rd1
a4 35. b4 Nd3 36. a3 Be6 37. Nb6 Bb3 38. Rd2 c5 39. Nbxa4 cxb4 40. axb4 Ra8 41.
b5 Bxa4 42. Ra2 Nc5 43. f3 e3 44. g4 f4 45. Kg2 g5 46. Nd5+ Kd6 47. Nb6 Ra5 48.
Nc4+ Kd5 49. Nxa5 Bxb5 50. Rb2 Bd3 51. Nb3 Na4 52. Ra2 Nc3 53. Ra5+ Kc4 54. Nc1
Nd1 55. Ra4+ Kd5 56. Nxd3 Nc3 57. Ra5+ Kd4 58. Ne1 e2 59. Rxg5 Ke3 60. Re5+ Kd2
61. Kf2 Nd1+ 62. Kg1 Kxe1 63. h4 Ne3 64. Ra5 Kd2 65. Ra2+ Nc2 0-1

[Event "Titled Tue 10th Jun Late"]
[Site "chess.com INT"]
[Date "2025.06.10"]
[Round "11"]
[White "Amarasinghe, A A C B"]
[Black "Jimenez Salas, Maria Teresa"]
[Result "0-1"]
[WhiteTitle "CM"]
[BlackTitle "WIM"]
[WhiteElo "1922"]
[BlackElo "2170"]
[WhiteFideId "9901809"]
[BlackFideId "3843866"]
[EventDate "2025.06.10"]

1. d4 d5 2. c4 c6 3. Nf3 Nf6 4. Nc3 e6 5. Bg5 h6 6. Bh4 dxc4 7. e4 g5 8. Bg3 b5
9. Be2 Bb7 10. Ne5 Nbd7 11. f4 b4 12. fxg5 bxc3 13. gxf6 cxb2 14. Rb1 Bb4+ 15.
Kf1 Qxf6+ 16. Bf3 c3 17. Nxd7 Ba6+ 18. Kg1 Kxd7 19. Be5 Qg5 20. h4 Qe3+ 21. Kh2
Rhg8 22. Qb3 Bd6 23. Bxd6 Kxd6 24. Rhe1 Qf4+ 25. Kg1 Qxf3 26. e5+ Kd7 27. Rxb2
Qg3 28. Rf2 Rg7 29. Qa4 Bb5 30. Qb4 Qxh4 31. Qd6+ Ke8 32. d5 Rd8 33. Qc7 cxd5
34. Rb1 Qe7 35. Qxe7+ Kxe7 36. Rxb5 d4 37. Rb7+ Kf8 38. Rc7 d3 0-1

[Event "Titled Tue 10th Jun Late"]
[Site "chess.com INT"]
[Date "2025.06.10"]
[Round "11"]
[White "Ernst, Luca"]
[Black "Mesquita, Eduardo Barbosa"]
[Result "1-0"]
[WhiteTitle "FM"]
[WhiteElo "2215"]
[BlackElo "2014"]
[WhiteFideId "45117055"]
[BlackFideId "22757163"]
[EventDate "2025.06.10"]

1. e4 c5 2. Nf3 d6 3. d4 cxd4 4. Qxd4 Nf6 5. Nc3 Nc6 6. Bb5 Nd7 7. Bxc6 bxc6 8.
Bg5 e5 9. Qc4 f6 10. Be3 Nb6 11. Qe2 Be6 12. Rd1 Kf7 13. O-O Nc4 14. Bc1 Qa5 15.
Nh4 Rd8 16. f4 exf4 17. Nd5 cxd5 18. exd5 Qc5+ 19. Kh1 Bd7 20. b4 Qc8 21. Rxf4
Ne5 22. Bb2 g5 23. Qh5+ Kg8 24. Rxf6 Bg7 25. Qxg5 Re8 26. Rxd6 Bg4 27. Rf1 h6
28. Qc1 h5 29. Ng6 Nxg6 30. Rxg6 Rh7 31. Qg5 Bf5 32. Rxg7+ Kf8 33. Rxh7 Re1 34.
Qg7+ Ke8 35. Qf7+ Kd8 36. Bf6+ Re7 37. Qxe7# 1-0

[Event "Titled Tue 10th Jun Late"]
[Site "chess.com INT"]
[Date "2025.06.10"]
[Round "11"]
[White "Noroozi, Omid"]
[Black "Ferraz, Michel Liah"]
[Result "0-1"]
[WhiteTitle "IM"]
[WhiteElo "2266"]
[BlackElo "2007"]
[WhiteFideId "12501190"]
[BlackFideId "22743219"]
[EventDate "2025.06.10"]

1. e4 c5 2. Nf3 Nc6 3. d4 cxd4 4. Nxd4 g6 5. Nc3 Nf6 6. Be3 Nxd4 7. Bxd4 Bg7 8.
Qd2 d6 9. O-O-O O-O 10. h4 Qa5 11. Kb1 Be6 12. h5 Nxh5 13. Bxg7 Kxg7 14. Be2
Rfc8 15. Bxh5 gxh5 16. f3 Rc5 17. Qd4+ f6 18. f4 Rac8 19. Nd5 Bxd5 20. exd5 Rxc2
21. Rxh5 Qc5 22. Qxc5 R8xc5 23. Rdh1 Rxg2 24. Rxh7+ Kg6 25. Rxe7 Rb5 26. b3 Ra5
27. a4 b5 28. Rhh7 Kf5 29. Rhf7 bxa4 30. Re6 axb3 31. Rfxf6+ Kg4 32. Rg6+ Kf3
33. Rxg2 Kxg2 34. Rxd6 Ra4 35. f5 Rf4 36. f6 a5 37. Kb2 a4 38. Re6 Rf2+ 39. Kc3
Rc2+ 40. Kd3 b2 41. Rb6 Rf2 42. Kc3 a3 43. d6 a2 44. d7 a1=Q 45. d8=Q b1=Q+ 46.
Kc4 Qc2+ 47. Kd5 Qad1+ 48. Ke6 Qe4+ 49. Kf7 Qh5+ 50. Kf8 Qh8+ 51. Kf7 Qeh7+ 52.
Ke6 Re2+ 53. Kd5 Qxd8+ 54. Rd6 Qd3+ 55. Kc5 Q8xd6# 0-1

[Event "Titled Tue 10th Jun Late"]
[Site "chess.com INT"]
[Date "2025.06.10"]
[Round "11"]
[White "Adewumi, Tanitoluwa"]
[Black "Grutter, Tim"]
[Result "1-0"]
[WhiteTitle "FM"]
[BlackTitle "IM"]
[WhiteElo "2362"]
[BlackElo "2404"]
[WhiteFideId "30966396"]
[BlackFideId "1057472"]
[EventDate "2025.06.10"]

1. c4 g6 2. Nc3 Bg7 3. d4 Nf6 4. e4 d6 5. Be2 O-O 6. Be3 c5 7. d5 Qb6 8. Qc2 e6
9. Nf3 exd5 10. cxd5 Re8 11. Nd2 Ng4 12. Bxg4 Bxg4 13. f3 Bd7 14. O-O Na6 15.
Nc4 Qc7 16. Bf4 Be5 17. Nxe5 dxe5 18. Bg5 Qd6 19. f4 Nb4 20. Qd2 c4 21. fxe5
Qxe5 22. Bf6 Qh5 23. Rf4 g5 24. Rf3 h6 25. e5 Nd3 26. Ne4 Qg6 27. Nd6 Nxe5 28.
Rff1 Qd3 29. Qxd3 Nxd3 30. Nxe8 Rxe8 31. b3 b5 32. bxc4 bxc4 33. Rab1 Nf4 34.
Rb7 Bg4 35. h3 Bh5 36. d6 Re2 37. Rf2 Re1+ 38. Kh2 Rd1 39. d7 Kh7 40. d8=Q 1-0

[Event "Titled Tue 10th Jun Late"]
[Site "chess.com INT"]
[Date "2025.06.10"]
[Round "11"]
[White "Danila, Tudor-Gabriel"]
[Black "Morris-Suzuki, Alan H"]
[Result "0-1"]
[WhiteTitle "CM"]
[WhiteElo "2178"]
[BlackElo "1987"]
[WhiteFideId "1274244"]
[BlackFideId "30933218"]
[EventDate "2025.06.10"]

1. e4 g6 2. d4 Bg7 3. Nc3 d6 4. Be3 c6 5. a4 Nf6 6. h3 O-O 7. Nf3 Nbd7 8. Bc4 e5
9. O-O exd4 10. Nxd4 Re8 11. f3 d5 12. Bd3 c5 13. Ndb5 d4 14. Nxd4 cxd4 15. Bxd4
Ne5 16. Bf2 Nh5 17. Bb5 Qg5 18. h4 Qd8 19. Bxe8 Qxe8 20. Nd5 Qd8 21. Qe2 Be6 22.
Rfd1 Bxd5 23. Rxd5 Qe7 24. g3 Nc6 25. c3 Re8 26. Kg2 Kh8 27. Qd2 f5 28. exf5 Nf6
29. Rd6 gxf5 30. Re1 Qf7 31. Rxe8+ Qxe8 32. b4 Qe7 33. b5 Bh6 34. Qd1 Ne5 35.
Rd8+ Kg7 36. Qd4 Nf7 37. Rd5 Qe6 38. Re5 Qxe5 39. Qxa7 Qe2 40. Qxb7 Be3 41. Kh3
Qxf2 42. Qc8 Qf1+ 43. Kh2 Bg1+ 44. Kh1 Bf2+ 45. Kh2 Qg1+ 46. Kh3 Qxg3# 0-1

[Event "Titled Tue 10th Jun Late"]
[Site "chess.com INT"]
[Date "2025.06.10"]
[Round "11"]
[White "Mayaud, Raphael"]
[Black "Clawitter, Craig"]
[Result "1-0"]
[WhiteTitle "CM"]
[WhiteElo "2126"]
[BlackElo "2050"]
[WhiteFideId "627151"]
[BlackFideId "2023105"]
[EventDate "2025.06.10"]

1. d4 e6 2. Nf3 Nf6 3. g3 d5 4. Bg2 Be7 5. O-O O-O 6. c4 dxc4 7. Qc2 a6 8. a4
Bd7 9. Ne5 Bc6 10. Qxc4 Bxg2 11. Kxg2 Qd5+ 12. Qxd5 Nxd5 13. Nc3 Nb4 14. Rd1
N8c6 15. Nxc6 Nxc6 16. d5 exd5 17. Nxd5 Bd6 18. Bf4 Bxf4 19. Nxf4 Ne5 20. Rd5
Rfe8 21. Rad1 c6 22. R5d4 a5 23. h4 g6 24. e3 Kf8 25. Nd3 Nxd3 26. R1xd3 Re7 27.
b4 axb4 28. Rxb4 Ra5 29. Rdb3 h5 30. Rxb7 Rxb7 31. Rxb7 Rxa4 32. Rc7 Rc4 33. Kf3
Kg7 34. e4 Kf6 35. Kf4 Ke6 36. f3 Rc3 37. Rc8 c5 38. Rc6+ Ke7 39. Rc7+ Ke6 40.
g4 hxg4 41. fxg4 c4 42. e5 Rc1 43. Rc6+ Ke7 44. Ke4 Rg1 45. Kd5 Rxg4 46. Rc7+
Kf8 47. e6 fxe6+ 48. Kxe6 Rxh4 49. Kf6 Ke8 50. Kxg6 Kd8 51. Rc5 Kd7 52. Kg5 Kd6
53. Rc8 Rd4 54. Kf5 Rh4 55. Kg5 Rd4 56. Kf5 1-0

[Event "Titled Tue 10th Jun Late"]
[Site "chess.com INT"]
[Date "2025.06.10"]
[Round "11"]
[White "Kosteniuk, Alexandra"]
[Black "Weisz, Bryan"]
[Result "0-1"]
[WhiteTitle "GM"]
[WhiteElo "2474"]
[BlackElo "2059"]
[WhiteFideId "4128125"]
[BlackFideId "30934133"]
[EventDate "2025.06.10"]

1. e4 e6 2. d4 d5 3. e5 Qd7 4. Nf3 b6 5. Be2 Ba6 6. O-O Bxe2 7. Qxe2 c5 8. Rd1
Nc6 9. dxc5 Bxc5 10. c4 Nge7 11. Nc3 O-O 12. cxd5 Nxd5 13. Nxd5 exd5 14. Qd3 Qe6
15. Ng5 Qg6 16. Bf4 Qxd3 17. Rxd3 Nxe5 18. Bxe5 f6 19. Nxh7 Kxh7 20. Bc3 Rfe8
21. Kf1 d4 22. Bxd4 Rac8 23. Bc3 Re4 24. Rad1 a5 25. f3 Rh4 26. h3 Ra4 27. a3
Rc4 28. Rd7 Kg6 29. Rb7 Bxa3 30. Rdd7 Bf8 31. Rxb6 a4 32. Bd2 Rc2 33. Rbb7 R8c6
34. Bb4 Rxb2 35. Be1 Rxb7 36. Rxb7 a3 37. Ra7 Rc1 38. Ke2 Rc2+ 39. Kd3 Rxg2 40.
h4 a2 41. Bd2 Bd6 42. Rxa2 Bf4 43. h5+ Kh7 44. h6 Rxd2+ 45. Rxd2 Bxd2 46. Kxd2
Kxh6 47. Ke3 Kg5 0-1

[Event "Titled Tue 10th Jun Late"]
[Site "chess.com INT"]
[Date "2025.06.10"]
[Round "11"]
[White "Uyanga, Byambaa"]
[Black "Garcia, Angie"]
[Result "0-1"]
[WhiteTitle "WFM"]
[BlackTitle "WIM"]
[WhiteElo "2006"]
[BlackElo "1996"]
[WhiteFideId "2054906"]
[BlackFideId "6702503"]
[EventDate "2025.06.10"]

1. e4 e6 2. d4 d5 3. Nc3 Bb4 4. e5 c5 5. a3 Bxc3+ 6. bxc3 Nc6 7. Qg4 Nge7 8.
Qxg7 Rg8 9. Qxh7 Qc7 10. Ne2 Bd7 11. f4 O-O-O 12. dxc5 Na5 13. Qxf7 Nf5 14. Nd4
Rdf8 15. Qh5 Qxc5 16. Bd2 Nxd4 17. cxd4 Qxd4 18. Rb1 Nc4 19. Bxc4 Qxc4 20. Qe2
Qxe2+ 21. Kxe2 Rxg2+ 22. Ke3 d4+ 23. Kd3 Bc6 24. Rhg1 Rxh2 25. Rg6 Bd5 26. Rb4
Rfh8 27. Rxd4 R8h3+ 28. Be3 Rf3 29. Rxd5 exd5 30. Kd4 Rhh3 31. Bd2 Rxa3 32. Bb4
Rag3 33. Rf6 b6 34. Kxd5 a5 35. Bd6 Rc3 36. e6 Rh8 37. e7 Re8 38. Rf8 Kd7 39. f5
Rxc2 40. f6 Rd2+ 41. Ke5 Rxd6 42. Rxe8 Re6+ 43. Kf5 Rxf6+ 44. Kxf6 Kxe8 45. Ke6
a4 46. Kd6 a3 47. Kc6 a2 48. Kxb6 a1=Q 49. Kc6 Qa6+ 0-1

[Event "Titled Tue 10th Jun Late"]
[Site "chess.com INT"]
[Date "2025.06.10"]
[Round "11"]
[White "Santos, Antonio P"]
[Black "Sobek, Jaroslav"]
[Result "0-1"]
[WhiteTitle "FM"]
[BlackTitle "FM"]
[WhiteElo "2165"]
[BlackElo "2195"]
[WhiteFideId "1900161"]
[BlackFideId "301388"]
[EventDate "2025.06.10"]

1. d4 Nf6 2. c4 e5 3. dxe5 Ng4 4. e4 Nxe5 5. f4 Nec6 6. Nc3 Bb4 7. Qg4 Bxc3+ 8.
bxc3 g6 9. f5 Qf6 10. Qg3 d6 11. Bg5 Qe5 12. Qxe5+ Nxe5 13. Bf6 O-O 14. Bxe5
dxe5 15. g4 Nc6 16. Nf3 Rd8 17. Rd1 Rxd1+ 18. Kxd1 b6 19. Kc2 Ba6 20. Bd3 Rd8
21. h4 f6 22. fxg6 hxg6 23. g5 Rf8 24. Rh2 f5 25. Nd2 f4 26. c5 Bxd3+ 27. Kxd3
Rd8+ 28. Kc4 Na5+ 29. Kb4 Rd3 30. cxb6 axb6 31. Nc4 Re3 32. Nxa5 bxa5+ 33. Kxa5
Rxe4 34. a4 Rc4 35. Kb5 Rxc3 36. Re2 Re3 37. Rc2 f3 38. a5 Re2 39. Rxc7 f2 40.
Rc8+ Kf7 41. Rc7+ Ke8 0-1

[Event "Titled Tue 10th Jun Late"]
[Site "chess.com INT"]
[Date "2025.06.10"]
[Round "11"]
[White "Moskalenko, Alexander"]
[Black "Sjugirov, Sanan"]
[Result "1-0"]
[WhiteTitle "GM"]
[BlackTitle "GM"]
[WhiteElo "2422"]
[BlackElo "2635"]
[WhiteFideId "4155351"]
[BlackFideId "4189302"]
[EventDate "2025.06.10"]

1. Nf3 Nf6 2. g3 d5 3. Bg2 e6 4. d4 Be7 5. c4 O-O 6. Nc3 Ne4 7. Qc2 f5 8. O-O
Nc6 9. Rd1 Bf6 10. e3 g5 11. Rb1 g4 12. Ne1 Ne7 13. b4 c6 14. a4 a6 15. Nd3 Ng6
16. Nf4 Nxf4 17. exf4 Bd7 18. Be3 h5 19. b5 axb5 20. axb5 Qa5 21. Nxe4 dxe4 22.
bxc6 Bxc6 23. Bf1 Ba4 24. Qb2 Bxd1 25. Rxd1 Rf7 26. Qb1 Rd8 27. d5 Qa4 28. d6
Kg7 29. c5 Ra8 30. Bb5 Qa1 31. Bc4 Qxb1 32. Rxb1 Ra1 33. Rxa1 Bxa1 34. Bxe6 Rf8
35. Bd5 Rb8 36. Bxb7 Rxb7 37. c6 Rb1+ 38. Kg2 Rd1 39. c7 Rxd6 40. c8=Q Rf6 41.
Qc7+ 1-0

[Event "Titled Tue 10th Jun Late"]
[Site "chess.com INT"]
[Date "2025.06.10"]
[Round "11"]
[White "Ngo, Quang Thai"]
[Black "Sakmak, Kutay"]
[Result "1-0"]
[WhiteTitle "FM"]
[BlackTitle "CM"]
[WhiteElo "2326"]
[BlackElo "2158"]
[WhiteFideId "12403768"]
[BlackFideId "44581939"]
[EventDate "2025.06.10"]

1. d4 Nf6 2. Bg5 d5 3. e3 e6 4. Nd2 Be7 5. Ngf3 c5 6. c3 Nc6 7. Bd3 h6 8. Bh4 b6
9. Ne5 Nxe5 10. dxe5 Nd7 11. Bxe7 Qxe7 12. f4 Bb7 13. Qe2 O-O 14. e4 d4 15. c4
a6 16. a4 Bc6 17. a5 Qd8 18. axb6 Qxb6 19. b3 a5 20. O-O a4 21. bxa4 Rxa4 22.
Rxa4 Bxa4 23. Nf3 Qc7 24. Qf2 Bc6 25. Qg3 Qb7 26. Rb1 Qa8 27. Re1 Qa5 28. f5 Qc3
29. f6 g6 30. Qh4 h5 31. Qf4 Kh7 32. Rd1 Qb3 33. Rd2 Qb8 34. g4 Rh8 35. gxh5 Kg8
36. hxg6 fxg6 37. Rg2 Nf8 38. f7+ Kh7 39. Qh4+ Kg7 40. Qf6+ Kh7 41. Ng5+ Kh6 42.
Rg3 Kh5 43. Be2+ Kh4 44. Qf4# 1-0

[Event "Titled Tue 10th Jun Late"]
[Site "chess.com INT"]
[Date "2025.06.10"]
[Round "11"]
[White "Sarkar, Justin"]
[Black "Qi, Jenny"]
[Result "1-0"]
[WhiteTitle "IM"]
[BlackTitle "WFM"]
[WhiteElo "2284"]
[BlackElo "1946"]
[WhiteFideId "2010011"]
[BlackFideId "30995914"]
[EventDate "2025.06.10"]

1. d4 Nf6 2. c4 g6 3. Nc3 d5 4. Nf3 Bg7 5. Qb3 dxc4 6. Qxc4 O-O 7. e4 c6 8. Qb3
Qb6 9. e5 Qxb3 10. axb3 Nd5 11. Nxd5 cxd5 12. Bb5 Bd7 13. Bxd7 Nxd7 14. Be3 a6
15. Ke2 Rac8 16. Rhc1 Nb6 17. Ne1 Rxc1 18. Rxc1 Rc8 19. Nd3 Rxc1 20. Bxc1 Nd7
21. f4 e6 22. Bd2 Bf8 23. Bb4 Bxb4 24. Nxb4 Kf8 25. g4 Ke7 26. Nd3 Kd8 27. Kd2
Kc7 28. Kc3 b5 29. b4 Kb6 30. Nc5 Nxc5 31. bxc5+ Kc6 32. Kb4 h5 33. g5 h4 34. h3
Kb7 35. Ka5 Ka7 36. b4 Kb7 37. c6+ Ka7 38. c7 Kb7 39. c8=B+ Kxc8 40. Kxa6 Kc7
41. Kxb5 Kb7 42. Kc5 Kc7 43. b5 Kb7 44. b6 Kb8 45. Kc6 Kc8 46. b7+ Kb8 47. Kb6 1-0

[Event "Titled Tue 10th Jun Late"]
[Site "chess.com INT"]
[Date "2025.06.10"]
[Round "11"]
[White "Oksendal, Martin"]
[Black "Martinovici, Ilia"]
[Result "0-1"]
[WhiteTitle "FM"]
[BlackTitle "IM"]
[WhiteElo "2235"]
[BlackElo "2452"]
[WhiteFideId "1554107"]
[BlackFideId "13907034"]
[EventDate "2025.06.10"]

1. e4 c6 2. d4 d5 3. e5 Bf5 4. Nf3 e6 5. Be2 Ne7 6. Nbd2 c5 7. c4 Nbc6 8. dxc5
Ng6 9. cxd5 exd5 10. O-O Bxc5 11. Nb3 Bb6 12. Nfd4 Be6 13. f4 Nge7 14. Be3 O-O
15. Bg4 Nxd4 16. Nxd4 Bxg4 17. Qxg4 Nc6 18. Nf5 g6 19. Bxb6 Qxb6+ 20. Kh1 h5 21.
Qg5 Qd8 22. Qg3 Kh7 23. Nh4 Rg8 24. Rad1 d4 25. Qh3 Qd5 26. Nf3 Kg7 27. f5 Rae8
28. e6 Qxf5 29. Qxf5 gxf5 30. exf7 Kxf7 31. Nxd4 Nxd4 32. Rxd4 Re2 33. Rxf5+ Ke6
34. Rf1 Rgxg2 35. Rh4 Rxb2 36. Rxh5 Rxa2 37. Rh6+ Kd5 38. Rh5+ Kc6 39. Rc1+ Rgc2
40. Rg1 a5 41. Rh6+ Kc7 42. Rh7+ Kb8 43. Rb1 Rab2 44. Ra1 a4 45. Kg1 a3 46. Rf7
a2 47. Re7 Rg2+ 48. Kf1 Rxh2 49. Kg1 Rhg2+ 50. Kh1 Rgc2 51. Ree1 Ka7 52. Rg1 Ka6
53. Rg2 Rb1+ 54. Rg1 Rxg1+ 55. Kxg1 b5 56. Kf1 b4 57. Ke1 b3 58. Kd1 Rh2 59. Kc1
b2+ 0-1

[Event "Titled Tue 10th Jun Late"]
[Site "chess.com INT"]
[Date "2025.06.10"]
[Round "11"]
[White "Tekeyev, Zaur"]
[Black "Shearsby, Jude"]
[Result "1-0"]
[WhiteTitle "IM"]
[BlackTitle "CM"]
[WhiteElo "2407"]
[BlackElo "2160"]
[WhiteFideId "4199731"]
[BlackFideId "462527"]
[EventDate "2025.06.10"]

1. e4 h5 2. d4 c6 3. Bd3 d5 4. e5 g6 5. Ne2 Nh6 6. c4 dxc4 7. Bxc4 Bg7 8. Nbc3
O-O 9. O-O Nf5 10. Bb3 e6 11. Ne4 Na6 12. Bg5 Qb6 13. h3 c5 14. Nf6+ Kh8 15. g4
hxg4 16. hxg4 Bh6 17. Qc1 Bxg5 18. Qxg5 Kg7 19. gxf5 Rh8 20. Ne8+ Kf8 21. Qf6
Rh5 22. fxg6 Kxe8 23. g7 Kd7 24. Qxf7+ Kc6 25. Ba4+ Kd5 26. Nc3+ Kc4 27. Bb3+
Kb4 28. Qxh5 Ka5 29. g8=Q Bd7 30. Qxa8 Qc6 31. Qh1 Qg2+ 32. Qxg2 Bc6 33. Bc4 Nc7
34. Qxc6 Nxa8 35. Qxb7 Nb6 36. Qxa7+ Kb4 37. Qxb6+ Kxc4 38. Qb3+ Kxd4 39. Rad1+
Kxe5 40. Rfe1+ Kf4 41. Qc4+ Kg5 42. Re5+ Kf6 43. Qf4+ Kg7 44. Rg5+ Kh8 45. Rd8+
Kh7 46. Qh4# 1-0

[Event "Titled Tue 10th Jun Late"]
[Site "chess.com INT"]
[Date "2025.06.10"]
[Round "11"]
[White "Pakleza, Zbigniew"]
[Black "Rustemov, Alexander"]
[Result "1-0"]
[WhiteTitle "GM"]
[BlackTitle "GM"]
[WhiteElo "2484"]
[BlackElo "2525"]
[WhiteFideId "1119290"]
[BlackFideId "4119002"]
[EventDate "2025.06.10"]

1. d4 f5 2. Nf3 Nf6 3. c4 e6 4. a3 d5 5. Nc3 Bd6 6. Bg5 c6 7. e3 O-O 8. Bd3 Bd7
9. O-O Be8 10. cxd5 cxd5 11. Nb5 Be7 12. Rc1 Nc6 13. Bf4 Rc8 14. Nc3 Bh5 15. Be2
Ne4 16. h3 Qd7 17. Qa4 Bxf3 18. gxf3 Ng5 19. Kg2 Nf7 20. b4 Bd6 21. b5 Ne7 22.
Bxd6 Nxd6 23. Qxa7 f4 24. e4 Rf6 25. e5 Rg6+ 26. Kh2 Ndf5 27. Bd3 Rh6 28. Rg1
Qe8 29. Rg5 Ra8 30. Qxb7 Nxd4 31. Kg2 Rxa3 32. b6 Rb3 33. Ne2 Nxf3 34. Kxf3
Rxh3+ 35. Kg2 Rbxd3 36. Rc7 Kf8 37. Nxf4 Rhf3 38. Nxe6+ Kf7 39. Rxe7+ Qxe7 40.
Rxg7+ Kxe6 41. Qxe7+ Kf5 42. Rg5+ Ke4 43. Qxh7+ Kd4 44. Rg4+ Kxe5 45. b7 Rb3 46.
Qg7+ Kd6 47. b8=Q+ Rxb8 48. Kxf3 Rb3+ 49. Kg2 1-0

[Event "Titled Tue 10th Jun Late"]
[Site "chess.com INT"]
[Date "2025.06.10"]
[Round "11"]
[White "Manukyan, Sargis A."]
[Black "Brancaleoni, Maurizio"]
[Result "1-0"]
[WhiteTitle "FM"]
[BlackTitle "FM"]
[WhiteElo "2294"]
[BlackElo "2185"]
[WhiteFideId "13303970"]
[BlackFideId "803022"]
[EventDate "2025.06.10"]

1. d4 Nf6 2. c4 b6 3. Nc3 Bb7 4. f3 d5 5. cxd5 Nxd5 6. e4 Nxc3 7. bxc3 e6 8. Be3
Be7 9. Bd3 c5 10. Ne2 O-O 11. O-O Ba6 12. Bxa6 Nxa6 13. Qa4 Qc8 14. Rac1 Rd8 15.
Rfd1 Qb7 16. d5 exd5 17. exd5 Nc7 18. c4 Ne8 19. Nc3 Qd7 20. Qc2 Nd6 21. Ne4 Re8
22. Re1 Nxe4 23. fxe4 Bd6 24. g3 Re7 25. Bd2 Rae8 26. Re2 f5 27. Rce1 fxe4 28.
Be3 Be5 29. Rf1 Bd4 30. Qd2 Bxe3+ 31. Qxe3 Rf7 32. Rxf7 Qxf7 33. Rf2 Qh5 34. Kg2
Qd1 35. Qf4 Qh5 36. d6 e3 37. d7 exf2 38. dxe8=Q+ Qxe8 39. Kxf2 Qf7 40. Ke3
Qxf4+ 41. Kxf4 Kf7 42. Ke5 Ke7 43. Kd5 Kd7 44. a4 h5 45. h3 g5 46. g4 hxg4 47.
hxg4 a6 48. Ke5 Ke7 49. Kf5 b5 50. cxb5 axb5 51. axb5 Kd6 52. Kxg5 c4 53. Kf4
Kc5 54. g5 c3 55. Ke3 1-0

[Event "Titled Tue 10th Jun Late"]
[Site "chess.com INT"]
[Date "2025.06.10"]
[Round "11"]
[White "Thorhallsson, Simon"]
[Black "Haszon, David"]
[Result "0-1"]
[WhiteTitle "FM"]
[BlackTitle "FM"]
[WhiteElo "2202"]
[BlackElo "2264"]
[WhiteFideId "2310090"]
[BlackFideId "733610"]
[EventDate "2025.06.10"]

1. d4 a6 2. g3 e6 3. Bg2 c5 4. c4 cxd4 5. Nf3 d5 6. cxd5 Qxd5 7. Qxd4 Nf6 8. Nc3
Qxd4 9. Nxd4 e5 10. Nb3 Nc6 11. Be3 a5 12. Nb5 Bb4+ 13. Bd2 Ke7 14. a3 Bxd2+ 15.
Nxd2 a4 16. Nc4 Be6 17. Ne3 Rhd8 18. Nc7 Ra5 19. Nxe6 Kxe6 20. O-O Rd2 21. Nc4
Rxe2 22. Bxc6 Rc5 23. Bf3 Rc2 24. Ne3 Rxb2 25. Rab1 Rcb5 26. Rxb2 Rxb2 27. Nc4
Rb3 28. Bd1 Rc3 29. Ne3 Rxa3 30. Bc2 Nd5 31. Bf5+ Kf6 32. Nxd5+ Kxf5 33. Rb1 Rb3
34. Rxb3 axb3 35. Nc3 b2 36. f3 h5 37. Kf2 g5 38. h3 g4 39. fxg4+ hxg4 40. h4
Kg6 41. Ke3 f5 42. Nb1 b5 43. Nd2 Kh5 44. Nb1 b4 45. Nd2 f4+ 46. Kf2 fxg3+ 47.
Kxg3 e4 48. Kf4 Kxh4 49. Kxe4 g3 50. Kd3 g2 51. Kc2 Kg4 0-1

[Event "Titled Tue 10th Jun Late"]
[Site "chess.com INT"]
[Date "2025.06.10"]
[Round "11"]
[White "Petrus, Adrian"]
[Black "Mei, Austin"]
[Result "0-1"]
[WhiteTitle "CM"]
[BlackTitle "FM"]
[WhiteElo "2203"]
[BlackElo "2280"]
[WhiteFideId "14573652"]
[BlackFideId "30948479"]
[EventDate "2025.06.10"]

1. e4 c5 2. Nf3 e6 3. c3 d5 4. exd5 Qxd5 5. d4 Nf6 6. Be2 Be7 7. O-O O-O 8. Na3
Nc6 9. Nb5 Qd8 10. Bf4 Nd5 11. Bg3 a6 12. c4 axb5 13. cxd5 Qxd5 14. dxc5 Qxc5
15. Qb3 b4 16. Rfc1 Qa5 17. Bd3 e5 18. Qc2 g6 19. Qe2 Bg4 20. h3 Nd4 21. Qe4 Bf5
22. Qe3 Nxf3+ 23. Qxf3 Bg5 24. Re1 Bxd3 25. Qxd3 Rfe8 26. Qe4 Qb5 27. Red1 Bf6
28. Rd5 Qc6 29. Rad1 Rxa2 30. Qxb4 Ra4 31. Qb3 Rd4 32. Kh2 Kg7 33. h4 h5 34. f3
Qe6 35. R1xd4 exd4 36. Qxb7 Re7 37. Qb5 Rc7 38. Rd6 Qe7 39. Rxf6 Kxf6 40. Qg5+
Kg7 41. Bxc7 Qxc7+ 42. Kh3 Qd6 43. Qd2 d3 44. b4 Qd5 45. Kh2 Qc4 0-1

[Event "Titled Tue 10th Jun Late"]
[Site "chess.com INT"]
[Date "2025.06.10"]
[Round "11"]
[White "Panin, Mikhail"]
[Black "Saidov, Bilukhadzh"]
[Result "0-1"]
[WhiteTitle "CM"]
[BlackTitle "FM"]
[WhiteElo "2255"]
[BlackElo "2309"]
[WhiteFideId "34164992"]
[BlackFideId "34165476"]
[EventDate "2025.06.10"]

1. Nf3 d5 2. b3 Nf6 3. Bb2 Bf5 4. Nh4 Bg4 5. h3 Bc8 6. e3 g6 7. f4 Bg7 8. Be2
O-O 9. O-O c5 10. Nf3 d4 11. Ne5 Nfd7 12. Nd3 Nc6 13. e4 b6 14. a4 Bb7 15. e5
Rc8 16. Bf3 Ba6 17. Be2 e6 18. Na3 f6 19. exf6 Nxf6 20. Nb5 Nd5 21. Bg4 Qd7 22.
Qe2 Rce8 23. Rae1 Nd8 24. Ne5 Qe7 25. g3 Bb7 26. Kh2 a6 27. Na3 Nb4 28. c3 dxc3
29. dxc3 Nbc6 30. Nac4 Nxe5 31. Nxe5 Bc8 32. c4 Nf7 33. Rd1 Nxe5 34. Bxe5 Rd8
35. Bxg7 Kxg7 36. Qe5+ Qf6 37. Qc7+ Kh6 38. Bf3 Rxd1 39. Rxd1 e5 40. Rd6 Qf5 41.
Qe7 Qxh3+ 42. Kg1 Qxg3+ 43. Bg2 Qxf4 44. Rd3 Qf2+ 45. Kh1 Rf4 46. Kh2 Rh4+ 47.
Rh3 Rxh3# 0-1